[Event "10th EUR-ch (w)"]
[Site "Sankt Petersburg RUS"]
[Date "2009.03.19"]
[Round "11"]
[White "Khurtsidze, Nino"]
[Black "Stiazhkina, Olga"]
[Result "1-0"]
[WhiteElo "2421"]
[BlackElo "2280"]
[EventDate "2009.03.08"]
[PlyCount "59"]

1.d4 d5 2.Nf3 Nf6 3.c4 c6 4.e3 Bf5 5.Nc3 e6 6.Nh4 Be4 7.f3 Bg6 8.Qb3 Qb6 
9.Nxg6 hxg6 10.Qc2 Nbd7 11.Bd2 Qc7 12.cxd5 exd5 13.O-O-O Rxh2 14.Rxh2 Qxh2
15.e4 Nb6 16.e5 Ng8 17.Qb3 Nh6 18.g4 Be7 19.a4 Rb8 20.a5 Na8 21.Na2 f6 22.
Nb4 Rc8 23.Qc2 Nc7 24.Qxg6+ Kf8 25.exf6 Bxf6 26.g5 Bxd4 27.gxh6 Re8 28.h7 
Ne6 29.Qf5+ Bf6 30.Bh3 1-0

[Event "10th EUR-ch (w)"]
[Site "Sankt Petersburg RUS"]
[Date "2009.03.19"]
[Round "11"]
[White "Grabuzova, Tatiana"]
[Black "Sedina, Elena"]
[Result "1-0"]
[WhiteElo "2332"]
[BlackElo "2380"]
[EventDate "2009.03.08"]
[PlyCount "89"]

1.d4 d5 2.c4 c6 3.Nf3 Nf6 4.Nc3 dxc4 5.a4 a5 6.e3 Bg4 7.Bxc4 e6 8.Qb3 Bb4 
9.Ne5 Bf5 10.O-O Nbd7 11.Nxd7 Qxd7 12.f3 Bg6 13.Rd1 O-O 14.e4 Qc7 15.Be3 
Nd7 16.Ne2 e5 17.d5 cxd5 18.Bxd5 Bc5 19.Rac1 Rac8 20.Bxc5 Nxc5 21.Qb5 b6 
22.Nc3 Rfd8 23.Bc4 Rxd1+ 24.Rxd1 Ne6 25.Bxe6 fxe6 26.Rd7 Qc5+ 27.Qxc5 bxc5
28.Ra7 Rb8 29.Rxa5 Rxb2 30.Rxc5 Rc2 31.a5 Kf7 32.a6 Rc1+ 33.Kf2 Ra1 34.
Rc7+ Kf6 35.a7 Ra5 36.Nb5 Be8 37.Nd6 Ra2+ 38.Kg3 Bg6 39.Nc4 Be8 40.Nb6 Bc6
41.Rxc6 Rxa7 42.Nd5+ Kf7 43.Nc7 Ke7 44.Nxe6 Kd7 45.Rc7+ 1-0

[Event "10th EUR-ch (w)"]
[Site "Sankt Petersburg RUS"]
[Date "2009.03.19"]
[Round "11"]
[White "Chasovnikova, Eugenia"]
[Black "Cherednichenko, Svetlana"]
[Result "1-0"]
[WhiteElo "2302"]
[BlackElo "2367"]
[EventDate "2009.03.08"]
[PlyCount "97"]

1.d4 g6 2.Nf3 Bg7 3.c4 Nf6 4.Nc3 d6 5.e4 O-O 6.h3 e5 7.d5 Nh5 8.Be3 Nd7 9.
g3 a5 10.Be2 Nc5 11.Nd2 Nf6 12.Qc2 Ne8 13.g4 c6 14.O-O-O Nc7 15.Kb1 cxd5 
16.cxd5 Bd7 17.Nc4 Be8 18.Nb6 Rb8 19.Bxc5 dxc5 20.Nca4 Na6 21.d6 Bxa4 22.
Nxa4 b5 23.Nc3 c4 24.Qd2 Nc5 25.Qd5 Qb6 26.Qd2 Rfd8 27.g5 Bf8 28.Nd5 Qc6 
29.d7 Nxd7 30.Qxa5 Ra8 31.Qc3 Qb7 32.Bg4 Bg7 33.Bxd7 Rxd7 34.f3 Qa6 35.a3 
Qe6 36.h4 Rda7 37.h5 f5 38.gxf6 Bxf6 39.hxg6 hxg6 40.f4 Bg7 41.f5 gxf5 42.
Qh3 Rd8 43.exf5 Qf7 44.f6 Qg6+ 45.Ka2 Rxd5 46.fxg7 Kxg7 47.Rxd5 b4 48.Rd7+
Rxd7 49.Qxd7+ 1-0

[Event "10th EUR-ch (w)"]
[Site "Sankt Petersburg RUS"]
[Date "2009.03.19"]
[Round "11"]
[White "Peptan, Corina-Isabela"]
[Black "Paikidze, Nazi"]
[Result "1-0"]
[WhiteElo "2401"]
[BlackElo "2280"]
[EventDate "2009.03.08"]
[PlyCount "81"]

1.e4 c5 2.c3 d6 3.d4 Nf6 4.dxc5 Nc6 5.Bc4 dxc5 6.Qxd8+ Nxd8 7.e5 Nd7 8.Nf3
e6 9.Bd3 Nc6 10.Bf4 g5 11.Bxg5 Ndxe5 12.Nxe5 Nxe5 13.Bb5+ Bd7 14.Bxd7+ 
Nxd7 15.Na3 Be7 16.Bf4 O-O 17.O-O-O Nf6 18.Rd3 Rfd8 19.Rg3+ Kh8 20.Be5 Rd5
21.Re1 Rg8 22.Rf3 Rg6 23.Nc4 Kg8 24.Bg3 Rd8 25.Rd1 Rxd1+ 26.Kxd1 Rg4 27.
Ne5 Ra4 28.a3 Kg7 29.Bf4 Rxf4 30.Rxf4 Bd6 31.Ra4 Bxe5 32.Rxa7 b6 33.Rb7 
Nd5 34.c4 Nf4 35.Rxb6 Nxg2 36.a4 Bxh2 37.Rb7 h5 38.a5 h4 39.a6 h3 40.a7 
Bc7 41.Rb3 1-0

[Event "10th EUR-ch (w)"]
[Site "Sankt Petersburg RUS"]
[Date "2009.03.19"]
[Round "11"]
[White "Gvetadze, Sopio"]
[Black "Daulyte, Deimante"]
[Result "1-0"]
[WhiteElo "2377"]
[BlackElo "2279"]
[EventDate "2009.03.08"]
[PlyCount "105"]

1.e4 e5 2.Nf3 Nc6 3.Bb5 a6 4.Ba4 Nf6 5.d3 d6 6.c3 g6 7.d4 Bd7 8.Nbd2 Bg7 
9.Bxc6 Bxc6 10.dxe5 Nxe4 11.Nxe4 Bxe4 12.exd6 Qxd6 13.Qxd6 cxd6 14.Bf4 
O-O-O 15.O-O-O Bxf3 16.gxf3 Be5 17.Be3 Kc7 18.f4 Bg7 19.Rd5 f5 20.a4 b6 
21.a5 Kc6 22.Rhd1 b5 23.Bc5 Bh6 24.Rxd6+ Rxd6 25.Bxd6 Re8 26.Kc2 Re2+ 27.
Kb3 Rxf2 28.Be5 Bxf4 29.Rd6+ Kc5 30.Bxf4 Rxf4 31.Rxa6 Rh4 32.Ra8 Ra4 33.
Kc2 Kc6 34.b4 Kb7 35.Rf8 Ra2+ 36.Kd3 Rxh2 37.Rf7+ Kc6 38.Rf6+ Kd5 39.Rb6 
Rh3+ 40.Kc2 Re3 41.Rxb5+ Kc6 42.Rb8 Kc7 43.Rf8 Re7 44.b5 h5 45.Kb3 h4 46.
a6 Kb6 47.Kb4 h3 48.c4 h2 49.c5+ Kc7 50.Rh8 Re2 51.Rh7+ Kc8 52.a7 Ra2 53.
b6 1-0

[Event "10th EUR-ch (w)"]
[Site "Sankt Petersburg RUS"]
[Date "2009.03.19"]
[Round "11"]
[White "Malgina, Tatiana"]
[Black "Tarasova, Viktoria"]
[Result "1/2-1/2"]
[WhiteElo "2342"]
[BlackElo "2257"]
[EventDate "2009.03.08"]
[PlyCount "27"]

1.d4 d5 2.c4 c6 3.Nf3 Nf6 4.Nc3 dxc4 5.a4 Bf5 6.e3 e6 7.Bxc4 Bb4 8.O-O 
Nbd7 9.Qe2 Bg6 10.Bd3 Bxd3 11.Qxd3 O-O 12.Rd1 Qe7 13.Na2 Bd6 14.e4 1/2-1/2

[Event "10th EUR-ch (w)"]
[Site "Sankt Petersburg RUS"]
[Date "2009.03.19"]
[Round "11"]
[White "Charochkina, Daria"]
[Black "Lupik, Marina"]
[Result "1-0"]
[WhiteElo "2316"]
[BlackElo "2163"]
[EventDate "2009.03.08"]
[PlyCount "135"]

1.e4 c5 2.Nf3 d6 3.d4 cxd4 4.Nxd4 Nf6 5.f3 e5 6.Nb3 Be6 7.c4 a5 8.Be3 a4 
9.N3d2 Qa5 10.Nc3 Be7 11.Be2 O-O 12.O-O Bd8 13.Kh1 Nbd7 14.Nb5 Ne8 15.f4 
exf4 16.Bxf4 Bf6 17.Rb1 Be5 18.Bg5 f6 19.Be3 Nc5 20.b4 axb3 21.axb3 Qa6 
22.b4 Na4 23.Qc2 Bf7 24.Nf3 Qc6 25.Nxe5 fxe5 26.Na7 Qa6 27.Ra1 Rxa7 28.
Bxa7 Qxa7 29.Rxa4 Qd4 30.Ra8 Nf6 31.Rxf8+ Kxf8 32.Bd3 Ng4 33.Qe2 Ne3 34.
Rc1 Be6 35.h3 b6 36.Qf3+ Kg8 37.Be2 h6 38.Qh5 Bf7 39.Qh4 Bg6 40.Bf3 Nxc4 
41.Bg4 Kh7 42.Be6 Ne3 43.Qd8 Bxe4 44.Bg8+ Kg6 45.Qe8+ Kg5 46.Qe7+ Kh5 47.
Qxg7 Bxg2+ 48.Kh2 Qf4+ 49.Kg1 Bxh3 50.Qf7+ Kh4 51.Qxf4+ exf4 52.Kf2 Ng4+ 
53.Ke2 Bg2 54.Rc3 Ne5 55.Kf2 f3 56.Be6 Kg5 57.b5 h5 58.Rc6 h4 59.Rxd6 h3 
60.Kg3 h2 61.Kxh2 Kf4 62.Bh3 Bxh3 63.Kxh3 Ke3 64.Rxb6 Nd3 65.Re6+ Kf4 66.
b6 Nc5 67.Re7 f2 68.Kg2 1-0

[Event "10th EUR-ch (w)"]
[Site "Sankt Petersburg RUS"]
[Date "2009.03.19"]
[Round "11"]
[White "Eidelson, Rakhil"]
[Black "Tomilova, Elena"]
[Result "1/2-1/2"]
[WhiteElo "2225"]
[BlackElo "2300"]
[EventDate "2009.03.08"]
[PlyCount "131"]

1.e4 c5 2.Nf3 d6 3.Bc4 Nc6 4.O-O g6 5.c3 Bg7 6.d4 Nf6 7.dxc5 dxc5 8.Qxd8+ 
Nxd8 9.e5 Nd7 10.Re1 e6 11.Bf4 O-O 12.Nbd2 Nc6 13.Bb5 Ne7 14.Ne4 Nd5 15.
Bg3 N5b6 16.Nd6 a6 17.Bf1 h6 18.h4 Nd5 19.a4 Rd8 20.Rad1 Bf8 21.a5 Ne7 22.
Rd2 Nb8 23.Red1 Nbc6 24.Nc4 Rxd2 25.Rxd2 Nd5 26.Bd3 Bd7 27.Be4 Nce7 28.Nd6
Nf5 29.Bxf5 gxf5 30.c4 Bxd6 31.exd6 Nf6 32.Ne5 Ne4 33.Rd3 Rd8 34.Bf4 f6 
35.Nxd7 Rxd7 36.f3 e5 37.fxe4 fxe4 38.Rg3+ Kh7 39.Be3 Rxd6 40.Bxc5 Rd1+ 
41.Kf2 f5 42.Rb3 Rd2+ 43.Kf1 f4 44.h5 Kg7 45.Rxb7+ Kf6 46.Bf2 e3 47.Be1 
Rc2 48.c5 e4 49.c6 f3 50.gxf3 exf3 51.c7 Rc1 52.Rb3 f2 53.Rxe3 fxe1=Q+ 54.
Rxe1 Rxc7 55.b4 Rc4 56.Rb1 Rh4 57.Kg2 Rxh5 58.b5 axb5 59.a6 Rg5+ 60.Kh3 
Rc5 61.a7 Rc3+ 62.Kg4 Ra3 63.Rxb5 Rxa7 64.Rb6+ Kg7 65.Rb5 Kg6 66.Rb6+ 
1/2-1/2

[Event "10th EUR-ch (w)"]
[Site "Sankt Petersburg RUS"]
[Date "2009.03.19"]
[Round "11"]
[White "Lelekova, Olga"]
[Black "Savina, Anastasia"]
[Result "1-0"]
[WhiteElo "2222"]
[BlackElo "2297"]
[EventDate "2009.03.08"]
[PlyCount "98"]

1.e4 c5 2.Nf3 e6 3.d4 cxd4 4.Nxd4 a6 5.Bd3 Bc5 6.Nb3 Ba7 7.Qe2 Nc6 8.Be3 
Bxe3 9.Qxe3 d6 10.Nc3 b5 11.f4 Nf6 12.O-O-O b4 13.Ne2 Nd7 14.Kb1 Bb7 15.
Rhf1 a5 16.e5 dxe5 17.f5 Qe7 18.fxe6 fxe6 19.Qh3 O-O-O 20.Bb5 Nf6 21.Bxc6 
Bxc6 22.Nxa5 Bb5 23.c4 Ba4 24.Nb3 Bc6 25.Qe3 Bxg2 26.Rxd8+ Rxd8 27.Rc1 Nd7
28.c5 Nb8 29.Qxe5 Nc6 30.Qe3 e5 31.Ng3 Qd7 32.Ka1 Qg4 33.Qg1 Bd5 34.Qf1 
Qd7 35.Nf5 Qa7 36.Nd6+ Kb8 37.Qd3 Nd4 38.Kb1 Qa4 39.Nc4 Nxb3 40.axb3 Qa8 
41.Re1 Qc6 42.Rxe5 Qxc5 43.Ne3 Qb6 44.Rxd5 Rxd5 45.Nxd5 Qg1+ 46.Kc2 Qg2+ 
47.Qd2 Qg6+ 48.Kc1 Qg1+ 49.Qd1 Qg6 1-0

[Event "10th EUR-ch (w)"]
[Site "Sankt Petersburg RUS"]
[Date "2009.03.19"]
[Round "11"]
[White "Avdeenko, Tatiana"]
[Black "Matveeva, Svetlana"]
[Result "0-1"]
[WhiteElo "2168"]
[BlackElo "2422"]
[EventDate "2009.03.08"]
[PlyCount "76"]

1.e4 e6 2.d4 d5 3.Nc3 Bb4 4.e5 Ne7 5.a3 Bxc3+ 6.bxc3 c5 7.Qg4 Kf8 8.a4 Qc7
9.Ba3 cxd4 10.Qxd4 Nc6 11.Qc5 Qxe5+ 12.Be2 Qc7 13.Nf3 b6 14.Qe3 f6 15.O-O 
Kf7 16.c4 Nf5 17.Qc3 d4 18.Qd3 e5 19.Nd2 Be6 20.Bf3 Rhd8 21.Bd5 g6 22.
Bxe6+ Kxe6 23.Qh3 h5 24.f4 exf4 25.Rae1+ Kf7 26.Re4 Re8 27.Rfxf4 Rxe4 28.
Rxe4 Ne5 29.Qb3 Kg7 30.Nf3 Qxc4 31.Nxe5 Qxb3 32.cxb3 Re8 33.h3 Rxe5 34.
Rxe5 fxe5 35.g4 hxg4 36.hxg4 Ne3 37.g5 Kf7 38.Bd6 Ke6 0-1

[Event "10th EUR-ch (w)"]
[Site "Sankt Petersburg RUS"]
[Date "2009.03.19"]
[Round "11"]
[White "Calzetta Ruiz, Monica"]
[Black "Popova, Natalia"]
[Result "1/2-1/2"]
[WhiteElo "2371"]
[BlackElo "2266"]
[EventDate "2009.03.08"]
[PlyCount "81"]

1.e4 c5 2.Nc3 Nc6 3.f4 g6 4.Nf3 Bg7 5.Bc4 e6 6.O-O Nge7 7.d3 O-O 8.Qe1 Rb8
9.f5 d5 10.Bb3 c4 11.dxc4 d4 12.fxe6 dxc3 13.exf7+ Kh8 14.bxc3 Rxf7 15.c5 
Rf8 16.Ng5 Rxf1+ 17.Qxf1 Ne5 18.Bf4 N7c6 19.Nf7+ Nxf7 20.Bxb8 Nxb8 21.Qxf7
Nc6 22.Qd5 Qe8 23.Rf1 h5 24.Rf7 Kh7 25.h3 Nd8 26.Rf3 Be6 27.Qd6 Bxb3 28.
cxb3 Nf7 29.Qc7 Ne5 30.Rf1 Qb5 31.c4 Qb4 32.Kh2 Kh6 33.Rd1 Kh7 34.Rd5 Qc3 
35.Qxb7 h4 36.Qe7 Qg3+ 37.Kh1 Qe1+ 38.Kh2 Qg3+ 39.Kh1 Qe1+ 40.Kh2 Qg3+ 41.
Kh1 1/2-1/2

[Event "10th EUR-ch (w)"]
[Site "Sankt Petersburg RUS"]
[Date "2009.03.19"]
[Round "11"]
[White "Wagener, Anna"]
[Black "Motoc, Alina"]
[Result "1/2-1/2"]
[WhiteElo "2255"]
[BlackElo "2358"]
[EventDate "2009.03.08"]
[PlyCount "34"]

1.e4 c5 2.Nf3 d6 3.d4 Nf6 4.Nc3 cxd4 5.Nxd4 a6 6.h3 g6 7.g4 Bg7 8.Bg2 O-O 
9.O-O Nfd7 10.Nde2 Nc6 11.f4 Nb6 12.Kh1 Bd7 13.b3 a5 14.Rb1 a4 15.a3 axb3 
16.cxb3 Na7 17.a4 Nc6 1/2-1/2

[Event "10th EUR-ch (w)"]
[Site "Sankt Petersburg RUS"]
[Date "2009.03.19"]
[Round "11"]
[White "Shaidullina, Sandugach"]
[Black "Molchanova, Tatiana"]
[Result "1-0"]
[WhiteElo "2232"]
[BlackElo "2319"]
[EventDate "2009.03.08"]
[PlyCount "109"]

1.d4 Nf6 2.c4 e6 3.Nf3 d5 4.Nc3 Bb4 5.Qa4+ Nc6 6.a3 Bxc3+ 7.bxc3 Ne4 8.Bb2
O-O 9.e3 Kh8 10.Bd3 f5 11.Qc2 Nd6 12.c5 Ne4 13.c4 Ne7 14.Ne5 c6 15.O-O Qe8
16.f3 Nf6 17.Rae1 Nd7 18.Nxd7 Bxd7 19.e4 Qf7 20.Bc3 Rae8 21.Qa4 a6 22.Ba5 
Qg6 23.exd5 exd5 24.Bc7 dxc4 25.Bxc4 f4 26.Be5 Nf5 27.Bd3 Qg5 28.Bxf5 Bxf5
29.Qb3 Bc8 30.Re4 Qg6 31.Qb2 h6 32.Qd2 Kh7 33.Rfe1 Rf7 34.Bxf4 Rd8 35.Bg3 
Bf5 36.R4e3 Rfd7 37.Be5 Re8 38.f4 Qf7 39.Qe2 Qd5 40.g4 Bg6 41.f5 Bf7 42.h4
g6 43.fxg6+ Bxg6 44.h5 Bf7 45.Qc2+ Kg8 46.Qf5 Re6 47.Rf1 b6 48.g5 Rxe5 49.
Qxe5 hxg5 50.h6 Qxe5 51.dxe5 Bc4 52.e6 Re7 53.h7+ Kh8 54.Rf7 Rxf7 55.exf7 
1-0

[Event "10th EUR-ch (w)"]
[Site "Sankt Petersburg RUS"]
[Date "2009.03.19"]
[Round "11"]
[White "Kharashuta, Ekaterina"]
[Black "Kursova, Maria"]
[Result "0-1"]
[WhiteElo "2304"]
[BlackElo "2268"]
[EventDate "2009.03.08"]
[PlyCount "148"]

1.Nf3 c5 2.c4 Nc6 3.g3 e5 4.Nc3 g6 5.Bg2 Bg7 6.O-O Nge7 7.a3 d6 8.Rb1 a5 
9.d3 O-O 10.Ne1 Be6 11.Bg5 f6 12.Be3 Rb8 13.Nc2 Qd7 14.b4 axb4 15.axb4 b6 
16.Nd5 g5 17.Bd2 Ng6 18.Ra1 Nce7 19.Nce3 f5 20.Qa4 b5 21.Qa7 Qxa7 22.Rxa7 
Nc8 23.Ra6 f4 24.Nc2 bxc4 25.dxc4 Bf5 26.e4 fxe3 27.Ncxe3 Bd3 28.Re1 e4 
29.b5 Ne5 30.Rc1 Nf3+ 31.Bxf3 Rxf3 32.Ba5 Rf8 33.Bc7 Rb7 34.b6 Kf7 35.Ra8 
Ke6 36.Rb8 Rxb8 37.Bxb8 Nxb6 38.Bxd6 Kxd6 39.Nxb6 h5 40.h3 Bd4 41.Nbd5 Rf7
42.Kg2 Ke5 43.g4 h4 44.Kg1 Ra7 45.Kg2 Ra2 46.Kg1 Re2 47.Kg2 Ra2 48.Kg1 Ra1
49.Rxa1 Bxa1 50.Nb6 Bb2 51.Nf5 Ke6 52.Kg2 Be2 53.Na4 Bd4 54.Nb6 Bf6 55.Na4
Bd4 56.Nb6 Be5 57.Na4 Bd6 58.Nb6 Bc7 59.Na4 Bd6 60.Nb6 Bb8 61.Na4 Ba7 62.
Ne3 Ke5 63.Nc3 Bd3 64.Nb5 Bb8 65.Kg1 Ke6 66.Nc3 Kd6 67.Kg2 Kc6 68.Na4 Bf4 
69.Nb2 Be2 70.Kg1 Be5 71.Nbd1 Bd4 72.Kg2 Kb7 73.Kg1 Ka6 74.Kg2 Ka5 0-1

[Event "10th EUR-ch (w)"]
[Site "Sankt Petersburg RUS"]
[Date "2009.03.19"]
[Round "11"]
[White "Bulmaga, Irina"]
[Black "Makropoulou, Marina"]
[Result "1/2-1/2"]
[WhiteElo "2300"]
[BlackElo "2262"]
[EventDate "2009.03.08"]
[PlyCount "90"]

1.e4 e5 2.Nf3 Nc6 3.Bc4 Bc5 4.d3 d6 5.Nc3 h6 6.Nd5 Nf6 7.c3 Nxd5 8.Bxd5 
O-O 9.O-O Qf6 10.h3 Ne7 11.d4 Bb6 12.Bb3 Ng6 13.Bc2 c6 14.dxe5 dxe5 15.a4 
a5 16.Be3 Rd8 17.Qe2 Nf4 18.Bxf4 Qxf4 19.Kh1 Be6 20.g3 Bc4 21.gxf4 Bxe2 
22.Nxe5 Bxf1 23.Rxf1 Bc7 24.Nd3 Rd7 25.e5 Rad8 26.e6 fxe6 27.Nc5 Rd2 28.
Bb3 Rxb2 29.Bxe6+ Kh8 30.Bg4 Re8 31.Ne6 Bb6 32.f5 Bxf2 33.Bh5 Re7 34.Rd1 
Bb6 35.Bg6 Kg8 36.c4 Re2 37.c5 R2xe6 38.fxe6 Bc7 39.Re1 Kf8 40.Kg2 h5 41.
h4 b5 42.cxb6 Bxb6 43.Bxh5 Rc7 44.Rb1 Bd4 45.Be2 Ke7 1/2-1/2

[Event "10th EUR-ch (w)"]
[Site "Sankt Petersburg RUS"]
[Date "2009.03.19"]
[Round "11"]
[White "Lomako, Anna"]
[Black "Makka, Ioulia"]
[Result "0-1"]
[WhiteElo "2277"]
[BlackElo "2203"]
[EventDate "2009.03.08"]
[PlyCount "66"]

1.e4 e6 2.d4 d5 3.Nc3 Nf6 4.e5 Nfd7 5.Nce2 c5 6.c3 b5 7.a3 Nc6 8.f4 cxd4 
9.cxd4 b4 10.a4 Ba6 11.Nf3 Qb6 12.Be3 f6 13.f5 Ndxe5 14.Nf4 Bxf1 15.Rxf1 
Nxf3+ 16.Qxf3 Nxd4 17.Bxd4 Qxd4 18.Nxe6 Qxb2 19.Qxd5 Qxa1+ 20.Kf2 Qe5 21.
Qxa8+ Kf7 22.Nd8+ Kg8 23.Kg1 h6 24.Ne6 Qd6 25.Re1 Kh7 26.Qe8 Rg8 27.Qh5 b3
28.a5 Qb4 29.Rd1 b2 30.Qg6+ Kh8 31.Nd8 Bc5+ 32.Kh1 Rxd8 33.Rxd8+ Bf8 0-1

[Event "10th EUR-ch (w)"]
[Site "Sankt Petersburg RUS"]
[Date "2009.03.19"]
[Round "11"]
[White "Ilyushina, Olga"]
[Black "Lomakina, Galia"]
[Result "1-0"]
[WhiteElo "2269"]
[BlackElo "2058"]
[EventDate "2009.03.08"]
[PlyCount "85"]

1.d4 d6 2.Nf3 Nf6 3.c4 g6 4.g3 Bg7 5.Bg2 O-O 6.O-O Nbd7 7.Qc2 e5 8.Rd1 Re8
9.Nc3 c6 10.e4 exd4 11.Nxd4 a5 12.b3 Nc5 13.Bf4 Nh5 14.Be3 Qe7 15.Rd2 Nf6 
16.f3 Nfd7 17.Bf2 Ne5 18.h3 a4 19.Rad1 axb3 20.axb3 Qc7 21.f4 Ned7 22.Nde2
Ra3 23.b4 Ne6 24.Qb2 Ra8 25.Rxd6 g5 26.f5 Nef8 27.Qb3 Ne5 28.c5 Nfd7 29.
Na4 Nf6 30.Nb6 Rb8 31.g4 h5 32.Be3 hxg4 33.Bxg5 Qe7 34.hxg4 Nexg4 35.Ng3 
Qf8 36.Nc4 Kh7 37.e5 Nd5 38.Bxd5 cxd5 39.R6xd5 Nxe5 40.f6 Bg4 41.Nxe5 Bxd1
42.Qxd1 Ra8 43.Nd7 1-0

[Event "10th EUR-ch (w)"]
[Site "Sankt Petersburg RUS"]
[Date "2009.03.19"]
[Round "11"]
[White "Mammadova, Gulnar"]
[Black "Gritsaeva, Oksana"]
[Result "1/2-1/2"]
[WhiteElo "2175"]
[BlackElo "2341"]
[EventDate "2009.03.08"]
[PlyCount "122"]

1.e4 c5 2.Nc3 Nc6 3.g3 g6 4.Bg2 Bg7 5.d3 d6 6.f4 f5 7.Nf3 Nf6 8.O-O O-O 9.
Kh1 Kh8 10.Be3 Be6 11.Ng5 Bg8 12.a3 Qd7 13.Qd2 Rab8 14.Rae1 b5 15.Bg1 h6 
16.Nf3 b4 17.axb4 cxb4 18.Nd1 b3 19.Nh4 Bh7 20.exf5 gxf5 21.cxb3 Rfc8 22.
Ne3 e6 23.Nc4 Nd5 24.Qd1 Nd4 25.Bxd4 Bxd4 26.Qh5 Nf6 27.Qe2 Re8 28.Nf3 Bc5
29.Qc2 Nd5 30.Re2 Rec8 31.Nh4 Bd4 32.Rfe1 Nc7 33.Nf3 Bf6 34.d4 Bg8 35.Qd3 
Nd5 36.Ra1 Rc7 37.Qd1 Bg7 38.Nh4 Bf6 39.Nf3 Be7 40.h3 Bf7 41.Ra6 Qb5 42.
Ra3 Nb6 43.Nxb6 Qxb6 44.d5 e5 45.fxe5 dxe5 46.Ra1 e4 47.Ne5 Bc5 48.g4 fxg4
49.Nxg4 Qxb3 50.Qf1 Rb6 51.Qf5 Qxd5 52.Qf4 Re7 53.Nxh6 Bg6 54.Rf1 Re8 55.
Ng4 Rf8 56.Qh6+ Kg8 57.Rfe1 Bd4 58.Qh4 Qb7 59.Qg5 Bg7 60.Nf2 Qf7 61.Nxe4 
Qf4 1/2-1/2

[Event "10th EUR-ch (w)"]
[Site "Sankt Petersburg RUS"]
[Date "2009.03.19"]
[Round "11"]
[White "Zainullina, Natalia"]
[Black "Berzina, Ilze"]
[Result "0-1"]
[WhiteElo "2173"]
[BlackElo "2308"]
[EventDate "2009.03.08"]
[PlyCount "136"]

1.e4 e5 2.Nf3 Nc6 3.Bb5 g6 4.c3 a6 5.Ba4 d6 6.d4 Bd7 7.O-O Bg7 8.dxe5 dxe5
9.Qe2 Qe7 10.Nbd2 Nf6 11.Re1 O-O 12.Nf1 Nh5 13.Bg5 f6 14.Bb3+ Kh8 15.Bc1 
Nf4 16.Bxf4 exf4 17.h3 Rad8 18.Rad1 Na5 19.Bc2 Be6 20.b3 Nc6 21.Rxd8 Rxd8 
22.Rd1 Rxd1 23.Qxd1 Qd7 24.Qxd7 Bxd7 25.N1d2 Bf8 26.Kf1 Kg7 27.Ke2 a5 28.
Bd3 Na7 29.Nc4 b6 30.Nd4 Bc5 31.Kf3 g5 32.Nf5+ Kf7 33.Bc2 Nb5 34.h4 Bxf5 
35.exf5 h6 36.hxg5 hxg5 37.g3 fxg3 38.fxg3 Nxc3 39.a4 Ke7 40.Nd2 Bd4 41.
Ne4 Nd5 42.Bd3 c6 43.Be2 Nc7 44.Nd2 Kd6 45.Nc4+ Kc5 46.Ke4 Bc3 47.Kd3 Be1 
48.g4 Nd5 49.Bf3 Bf2 50.Ke2 Bd4 51.Kd3 Ba1 52.Be4 Nf4+ 53.Kc2 Bd4 54.Bf3 
Bg1 55.Be4 Nd5 56.Kd3 Kb4 57.Kc2 Ne7 58.Nd6 Kc5 59.Nc4 Kd4 60.Bf3 Nd5 61.
Kd2 Bf2 62.Ke2 Bg1 63.Kd2 Kc5 64.Kd3 Bh2 65.Be4 Bc7 66.Ne3 Nb4+ 67.Kc3 
Be5+ 68.Kd2 Bd4 0-1

[Event "10th EUR-ch (w)"]
[Site "Sankt Petersburg RUS"]
[Date "2009.03.19"]
[Round "11"]
[White "Butuc, Maria"]
[Black "Borisova, Elizaveta"]
[Result "1/2-1/2"]
[WhiteElo "2182"]
[BlackElo "2270"]
[EventDate "2009.03.08"]
[PlyCount "126"]

1.e4 d6 2.d4 Nf6 3.Bd3 e5 4.c3 Be7 5.Nf3 O-O 6.O-O Nc6 7.d5 Nb8 8.c4 a5 9.
Nc3 Na6 10.a3 Nc5 11.Bc2 Bd7 12.Be3 b6 13.b4 Na6 14.Rb1 axb4 15.axb4 Bg4 
16.h3 Bh5 17.Bd3 h6 18.Be2 Nh7 19.Qc2 Bxf3 20.Bxf3 Bg5 21.Bxg5 Nxg5 22.Bg4
g6 23.h4 h5 24.Be2 Nh7 25.g3 Kh8 26.Qd2 Kg7 27.Kg2 Qe8 28.f4 exf4 29.Qd4+ 
f6 30.gxf4 Qe7 31.Kh2 Kh6 32.Kh3 Rae8 33.Qg1 f5 34.Bd3 Rg8 35.c5 Nb8 36.
cxb6 cxb6 37.Qd4 Nf6 38.Rbe1 fxe4 39.Nxe4 Qd7+ 40.f5 Ng4 41.Nf6 Nxf6 42.
Qxf6 Qd8 43.Qxd8 Rxd8 44.fxg6 Nd7 45.Re7 Rg7 46.Rff7 Ne5 47.Rxg7 Nxd3 48.
Rd7 Rc8 49.Rc7 Ra8 50.Rh7+ Kxg6 51.Rcg7+ Kf6 52.Rf7+ Ke5 53.Rxh5+ Ke4 54.
Rg5 Nf4+ 55.Kg4 Nxd5 56.h5 Ra1 57.h6 Rh1 58.Rh5 Rg1+ 59.Kh4 Nf4 60.Rg5 
Rh1+ 61.Kg3 Rg1+ 62.Kh4 Rh1+ 63.Kg4 Rg1+ 1/2-1/2

[Event "10th EUR-ch (w)"]
[Site "Sankt Petersburg RUS"]
[Date "2009.03.19"]
[Round "11"]
[White "Kazimova, Narmin"]
[Black "Kirillova, Varvara"]
[Result "1-0"]
[WhiteElo "2165"]
[BlackElo "2246"]
[EventDate "2009.03.08"]
[PlyCount "81"]

1.Nf3 d6 2.d4 Nf6 3.c4 g6 4.g3 Bg7 5.Bg2 O-O 6.O-O Nbd7 7.Nc3 c6 8.b3 e5 
9.Qc2 Re8 10.Bb2 a6 11.e4 b5 12.d5 cxd5 13.Nxd5 Nxd5 14.cxd5 Nb6 15.Nd2 f5
16.Rac1 Ra7 17.Bh3 Rf7 18.Ba3 a5 19.Qc6 b4 20.Bb2 Bh6 21.Rc2 Ref8 22.Nc4 
Nxc4 23.Qxc4 Bd7 24.Bc1 f4 25.Be6 Bxe6 26.dxe6 Re7 27.Rd1 Rfe8 28.Rcd2 
Rxe6 29.Rxd6 Qf6 30.Bb2 Bf8 31.Ra6 Qf7 32.Rxa5 R6e7 33.Qxf7+ Kxf7 34.Rdd5 
Bg7 35.Kg2 g5 36.gxf4 gxf4 37.Rdb5 Bf6 38.Rxb4 Rg8+ 39.Kf3 Rd7 40.Bxe5 
Rd3+ 41.Ke2 1-0

[Event "10th EUR-ch (w)"]
[Site "Sankt Petersburg RUS"]
[Date "2009.03.19"]
[Round "11"]
[White "Cedikova, Katerina"]
[Black "Mamedyarova, Turkan"]
[Result "0-1"]
[WhiteElo "2150"]
[BlackElo "2245"]
[EventDate "2009.03.08"]
[PlyCount "80"]

1.d4 Nf6 2.c4 g6 3.Nc3 d5 4.cxd5 Nxd5 5.e4 Nxc3 6.bxc3 Bg7 7.Bc4 O-O 8.Ne2
b6 9.O-O Bb7 10.Qd3 e6 11.f4 Kh8 12.f5 exf5 13.exf5 Qe7 14.Ng3 c5 15.Bd2 
cxd4 16.Rae1 Qd6 17.fxg6 fxg6 18.Re6 Qc5 19.Rxf8+ Qxf8 20.cxd4 Nc6 21.Ne2 
Rd8 22.Bc3 Ne5 23.Rxe5 Bxe5 24.Qe3 Bg7 25.Nf4 Bc8 26.d5 Bxc3 27.Qxc3+ Qg7 
28.Qe3 Rf8 29.h3 Bd7 30.Ne6 Bxe6 31.dxe6 Qe7 32.Qe5+ Kg8 33.Kh2 Rf5 34.Qd4
Rf8 35.Kh1 h6 36.Qe4 Kh7 37.Bd3 Rf6 38.Bc4 b5 39.Bb3 Rf1+ 40.Kh2 Qd6+ 0-1

[Event "10th EUR-ch (w)"]
[Site "Sankt Petersburg RUS"]
[Date "2009.03.19"]
[Round "11"]
[White "Sorokina, Anastasia"]
[Black "Huda, Maryana"]
[Result "0-1"]
[WhiteElo "2087"]
[BlackElo "2240"]
[EventDate "2009.03.08"]
[PlyCount "60"]

1.d4 Nf6 2.c4 e6 3.Nf3 b6 4.g3 Bb7 5.Bg2 Be7 6.O-O O-O 7.Nc3 Ne4 8.Qd3 
Nxc3 9.bxc3 f5 10.d5 Na6 11.Nd4 Nc5 12.Qc2 Qc8 13.Ba3 g6 14.Nb3 d6 15.Bxc5
dxc5 16.e4 e5 17.Bh3 Qd7 18.Rfe1 Bd6 19.Nd2 Rae8 20.Nf3 Bc8 21.Re2 Qg7 22.
exf5 Qh6 23.Kg2 gxf5 24.Nh4 e4 25.f3 Be7 26.fxe4 Bxh4 27.gxh4 Qxh4 28.exf5
Qxc4 29.Rd2 Re3 30.Qd1 Qe4+ 0-1

[Event "10th EUR-ch (w)"]
[Site "Sankt Petersburg RUS"]
[Date "2009.03.19"]
[Round "11"]
[White "Samigullina, Diana"]
[Black "Ivakhinova, Inna"]
[Result "1/2-1/2"]
[WhiteElo "2084"]
[BlackElo "2225"]
[EventDate "2009.03.08"]
[PlyCount "92"]

1.d4 Nf6 2.c4 c5 3.d5 b5 4.Nf3 g6 5.cxb5 a6 6.b6 d6 7.Nc3 Nbd7 8.a4 Qxb6 
9.a5 Qd8 10.e4 Bg7 11.Bc4 O-O 12.h3 Ne8 13.O-O Nc7 14.Bf4 Nb5 15.Qd2 Nd4 
16.Nxd4 Bxd4 17.Bh6 Re8 18.Ne2 Bh8 19.f4 Rb8 20.Ra2 Qc7 21.b3 Bg7 22.Bxg7 
Kxg7 23.Qc3+ Kg8 24.h4 Nf6 25.e5 Ng4 26.e6 fxe6 27.dxe6 Qc6 28.Rd2 Qe4 29.
Rf3 Qb1+ 30.Rf1 Qe4 31.Rf3 Rf8 32.h5 Rf6 33.Rg3 gxh5 34.Rxd6 Bb7 35.Rd7 
Kf8 36.Qd3 Bc6 37.Rc7 Qxd3 38.Rxd3 Bb5 39.Bxb5 axb5 40.a6 Rxe6 41.a7 Ra8 
42.Rd2 Ra6 43.g3 R8xa7 44.Rxc5 Rb7 45.Rxh5 Nf6 46.Re5 Ra1+ 1/2-1/2

[Event "10th EUR-ch (w)"]
[Site "Sankt Petersburg RUS"]
[Date "2009.03.19"]
[Round "11"]
[White "Bogumil, Tatiana"]
[Black "Cherednichenko, Elena"]
[Result "1/2-1/2"]
[WhiteElo "2218"]
[BlackElo "2161"]
[EventDate "2009.03.08"]
[PlyCount "60"]

1.d4 Nf6 2.g3 e6 3.Bg2 Be7 4.e4 d6 5.Ne2 e5 6.O-O O-O 7.h3 c6 8.a4 exd4 9.
Nxd4 d5 10.exd5 Nxd5 11.a5 Na6 12.Nd2 Bg5 13.Nc4 Bxc1 14.Rxc1 Nac7 15.c3 
Qf6 16.Qf3 Qxf3 17.Nxf3 Ne6 18.b4 Rd8 19.Rfe1 h6 20.Nfe5 Nec7 21.Na3 Bf5 
22.Bf1 Re8 23.a6 Nxa6 24.Bxa6 bxa6 25.Nxc6 Rxe1+ 26.Rxe1 Rc8 27.b5 axb5 
28.Nxa7 Ra8 29.N3xb5 Nxc3 30.Nxc3 Rxa7 1/2-1/2

[Event "10th EUR-ch (w)"]
[Site "Sankt Petersburg RUS"]
[Date "2009.03.19"]
[Round "11"]
[White "Dolgova, Olga"]
[Black "Bezgodova, Maria"]
[Result "1-0"]
[WhiteElo "2245"]
[BlackElo "2101"]
[EventDate "2009.03.08"]
[PlyCount "89"]

1.d4 d5 2.Nc3 Nf6 3.Bg5 c5 4.Nf3 Nc6 5.e3 e6 6.Bd3 Be7 7.O-O O-O 8.dxc5 
Bxc5 9.e4 dxe4 10.Bxf6 Qxf6 11.Nxe4 Qe7 12.Nfg5 g6 13.h4 Bd4 14.c3 Bg7 15.
Bc2 h6 16.Nf3 f5 17.Ng3 e5 18.h5 g5 19.Re1 Be6 20.Qe2 Rae8 21.Qb5 g4 22.
Nd4 Nxd4 23.cxd4 a6 24.Qa5 Qh4 25.Nf1 f4 26.dxe5 g3 27.f3 Qxh5 28.Rad1 Kh8
29.Rd6 b5 30.b3 Bxe5 31.Rdd1 Bc8 32.Qb4 Bc7 33.Qc3+ Be5 34.Qb4 Qg5 35.Rd5 
Qf6 36.Rexe5 a5 37.Qe4 Qb6+ 38.Kh1 Bf5 39.Qe2 Qc6 40.Rd2 Bxc2 41.Rxc2 Qg6 
42.Rcc5 Rd8 43.Re6 Rfe8 44.Qe5+ Qg7 45.Rxe8+ 1-0